| 000 | 00664nam a2200205 a 4500 | ||
|---|---|---|---|
| 003 | OSt | ||
| 005 | 20160108111312.0 | ||
| 008 | 101118s2003 esp 000 0 spa c | ||
| 020 | _a84-8447-233-7 | ||
| 040 | _cBMC | ||
| 082 | _a862 | ||
| 100 | 1 |
_aEchegaray, José _d1832-1916 _937673 |
|
| 245 | 1 | 0 |
_aPiensa mal__ ¿y acertarás? ; Mancha que limpia _b: casi proverbio cómico en tres actos y en verso _cJosé Echegaray |
| 260 |
_aMadrid _bRueda _cD. L. 2003 |
||
| 300 |
_a223 p. _c24 cm |
||
| 490 | 0 | _aBiblioteca Premios Nobel | |
| 650 | 2 | 4 |
_92144 _aTeatro español |
| 740 | 0 | _aMancha que limpia : drama trágico en cuatro actos y en prosa. | |
| 942 |
_2ddc _cBK |
||
| 999 |
_c24045 _d24045 |
||